000 00816nam a22002417a 4500
003 UA-OsUOA
001 116792
007 ta
008 20160404b un ||||| |||| 00| 0 ukr d
100 _aПоліщук Ю.
700 _aГнатюк С.
700 _aНургуль С.
090 _a659
_bП50
942 _cSA
040 _aUA-OsUOA
_bukr
_cUA-OsUOA
_dUA-OsUOA
245 _aМас-медіа як канал з маніпулятивного впливу на суспільство
300 _aС.301-309
955 _a0
041 _aukr
080 _a659
773 0 _w116791
_tБезпека інформації
_dК.
_d2015
_g3
650 7 _a659 Реклама. Система інформації. Громадська інформація та реклама (Паблик-Рилейшнз)
_2UDC
999 _c402722
_d402722